[Event "III Aberto do Brasil Cidade de MaringÃƒÂ"]
[Site "Country Club de MaringÃƒÂ¡ - P"]
[Date "2013.07.26"]
[Round "4"]
[White "MENNA BARRETO, Felipe Kubiaki"]
[Black "FERNANDEZ, Maria Florencia"]
[Result "1-0"]
[WhiteElo "2277"]
[BlackElo "2134"]
[PlyCount "87"]
[EventDate "2013.07.24"]

1. e4 c5 2. Nf3 d6 3. g3 g6 4. Bg2 Bg7 5. O-O Nc6 6. c3 Nf6 7. Re1 O-O 8. d3
Rb8 9. a4 a6 10. Nbd2 b5 11. axb5 axb5 12. d4 cxd4 13. cxd4 Nd7 14. Nb3 Nb6 15.
d5 Ne5 16. Nxe5 Bxe5 17. Bh6 Bxb2 18. Nd4 Bxa1 19. Nc6 Qc7 20. Qxa1 f6 21. Nxb8
Qxb8 22. Bxf8 Kxf8 23. Rb1 Bd7 24. Bf1 Na8 25. Qa5 Nc7 26. Rc1 Ne8 27. Ra1 Kf7
28. Qa8 Qb6 29. Qa7 Qd8 30. Rb1 f5 31. exf5 gxf5 32. Bxb5 Bxb5 33. Rxb5 f4 34.
Rb7 fxg3 35. Rd7 gxh2+ 36. Kxh2 Qc8 37. Rxe7+ Kg6 38. Re6+ Nf6 39. Qe7 Qc3 40.
Rxd6 Qf3 41. Rxf6+ Qxf6 42. Qxf6+ Kxf6 43. f4 Ke7 44. f5 1-0

[Event "III Aberto do Brasil Cidade de MaringÃƒÂ"]
[Site "Country Club de MaringÃƒÂ¡ - P"]
[Date "2013.07.26"]
[Round "4"]
[White "FELICIANO EBERT, Vanessa"]
[Black "SEKULA, Markley Ribas"]
[Result "1/2-1/2"]
[WhiteElo "2247"]
[BlackElo "2015"]
[PlyCount "47"]
[EventDate "2013.07.24"]

1. e4 e5 2. Nf3 Nf6 3. Bc4 Nxe4 4. Nc3 Nxc3 5. dxc3 c6 6. Nxe5 d5 7. Bd3 Bd6 8.
Nf3 Bg4 9. Be3 Nd7 10. Be2 Bxf3 11. Bxf3 Ne5 12. Be2 O-O 13. O-O Qc7 14. b3 f5
15. g3 Nd7 16. f4 Nf6 17. Qd3 Ne4 18. c4 Nc5 19. Qd2 Ne4 20. Qd3 Nc5 21. Qd4
Ne4 22. Qd3 Nc5 23. Qd4 Ne4 24. Qd3 1/2-1/2

[Event "III Aberto do Brasil Cidade de MaringÃƒÂ"]
[Site "Country Club de MaringÃƒÂ¡ - P"]
[Date "2013.07.26"]
[Round "4"]
[White "LUKACHEWSKI JUNIOR, Wanderlei"]
[Black "DE SOUZA, Ivo Eduardo Medeiros"]
[Result "1/2-1/2"]
[WhiteElo "2039"]
[BlackElo "2193"]
[PlyCount "37"]
[EventDate "2013.07.24"]

1. d4 d5 2. c4 c6 3. Nc3 Nf6 4. Nf3 e6 5. Bg5 Be7 6. e3 Nbd7 7. cxd5 exd5 8.
Bd3 O-O 9. O-O Re8 10. Qc2 Nf8 11. Rab1 Be6 12. b4 Rc8 13. a4 N6d7 14. Bf4 Bf6
15. a5 Bg4 16. Nd2 Bh5 17. Nb3 Bg5 18. Bg3 Bh4 19. Bf4 1/2-1/2

[Event "III Aberto do Brasil Cidade de MaringÃƒÂ"]
[Site "Country Club de MaringÃƒÂ¡ - P"]
[Date "2013.07.26"]
[Round "4"]
[White "PERTUZATTI, Daniel"]
[Black "DELGADO, Lidio Dias"]
[Result "1/2-1/2"]
[WhiteElo "2000"]
[BlackElo "2294"]
[PlyCount "75"]
[EventDate "2013.07.24"]

1. g4 e5 2. d3 d5 3. Bg2 c6 4. h3 Bd6 5. Nc3 Ne7 6. e4 Be6 7. Nf3 f6 8. Nh4 Na6
9. Nf5 O-O 10. Nxe7+ Bxe7 11. O-O dxe4 12. dxe4 Bc4 13. Re1 Nb4 14. Bd2 Qd7 15.
Qc1 Be6 16. Be3 h5 17. Rd1 Qc8 18. f3 Rd8 19. a3 Na6 20. Rxd8+ Qxd8 21. b4 Nc7
22. Qb2 Qe8 23. Ne2 Nb5 24. Ng3 hxg4 25. hxg4 Nd6 26. Bf1 Nc4 27. Bxc4 Bxc4 28.
Nf5 Bf8 29. Kf2 g6 30. Nh4 g5 31. Nf5 Rd8 32. Qc3 Be6 33. Bxa7 Rd7 34. Rh1 Qd8
35. Be3 Rd1 36. Rxd1 Qxd1 37. Ng3 Be7 38. Qd2 $11 1/2-1/2

[Event "III Aberto do Brasil Cidade de MaringÃƒÂ"]
[Site "Country Club de MaringÃƒÂ¡ - P"]
[Date "2013.07.26"]
[Round "4"]
[White "STAMENKOVIC, Dragan"]
[Black "HORST, Rodrigo"]
[Result "1-0"]
[WhiteElo "2388"]
[BlackElo "1911"]
[PlyCount "96"]
[EventDate "2013.07.24"]

1. e4 d6 2. d4 Nf6 3. Nc3 g6 4. Nf3 Bg7 5. h3 O-O 6. Be3 h6 7. Qd2 Kh7 8. Bd3
Nbd7 9. e5 dxe5 10. dxe5 Ng8 11. e6 fxe6 12. h4 Kh8 13. Bxg6 Ne5 14. Nxe5 Qxd2+
15. Bxd2 Bxe5 16. Rd1 Kg7 17. Be4 Nf6 18. Bf3 c6 19. b3 Nd5 20. Ne4 Nf6 21. O-O
a5 22. a4 Nxe4 23. Bxe4 Bd6 24. Rfe1 e5 25. Bc3 Bf5 26. Rd2 Bxe4 27. Rxe4 Rf5
28. Rde2 Kf6 29. f4 Bc5+ 30. Kh2 Kg6 31. Bxe5 b5 32. Rd2 Rff8 33. Bc7 Bb4 34.
Rd3 Kf7 35. f5 Ra7 36. Bf4 h5 37. Bh6 Rg8 38. Bg5 bxa4 39. bxa4 Bd6+ 40. Kh3
Bb4 41. Re6 Rc7 42. Rh6 c5 43. c4 Re8 44. Rxh5 Rb7 45. Rh6 Be1 46. Re3 Bf2 47.
Rf3 Bd4 48. f6 exf6 1-0

[Event "III Aberto do Brasil Cidade de MaringÃƒÂ"]
[Site "Country Club de MaringÃƒÂ¡ - P"]
[Date "2013.07.26"]
[Round "4"]
[White "PENAYO, Nicolas"]
[Black "GAUCHE, Charles"]
[Result "0-1"]
[WhiteElo "1879"]
[BlackElo "2204"]
[PlyCount "72"]
[EventDate "2013.07.24"]

1. e4 c5 2. Nc3 Nc6 3. f4 e6 4. Nf3 d5 5. Bb5 Nge7 6. O-O a6 7. Bxc6+ Nxc6 8.
d3 Be7 9. Kh1 O-O 10. e5 f5 11. a3 d4 12. Ne2 b5 13. b3 Bb7 14. Qe1 Qe8 15. Ng3
Bd8 16. Bd2 Ne7 17. b4 c4 18. Nxd4 Qd7 19. Be3 cxd3 20. cxd3 Nd5 21. Bg1 Bh4
22. Nf3 Be7 23. Ne2 Rfc8 24. Qd2 a5 25. bxa5 Bd8 26. Rac1 Rcb8 27. Bc5 Bxa5 28.
Qb2 Ba6 29. Bd6 Rb7 30. Nfd4 b4 31. Qb3 bxa3 32. Qxa3 Bd2 33. Rc6 Rba7 34. Bc5
Bb7 35. Rd6 Qxd6 36. Qxa7 Qd7 0-1

[Event "III Aberto do Brasil Cidade de MaringÃƒÂ"]
[Site "Country Club de MaringÃƒÂ¡ - P"]
[Date "2013.07.26"]
[Round "4"]
[White "FERREIRA, Rodrigo Maycon Miran"]
[Black "SANTOS, Renato Andrade"]
[Result "0-1"]
[WhiteElo "1860"]
[BlackElo "2188"]
[PlyCount "36"]
[EventDate "2013.07.24"]

1. a3 g6 2. Nf3 Bg7 3. e4 c5 4. Bc4 Nc6 5. c3 e6 6. d4 cxd4 7. cxd4 d5 8. exd5
exd5 9. Qe2+ Nge7 10. Bb5 O-O 11. Be3 Bg4 12. Qd2 Bxf3 13. gxf3 a6 14. Ba4 Nf5
15. Bxc6 bxc6 16. O-O Qh4 17. Rd1 Qh3 18. Qe2 Nh4 0-1

[Event "III Aberto do Brasil Cidade de MaringÃƒÂ"]
[Site "Country Club de MaringÃƒÂ¡ - P"]
[Date "2013.07.26"]
[Round "4"]
[White "BARATA, Adriano Albiani"]
[Black "MARTINS, Anderson Donay"]
[Result "1-0"]
[WhiteElo "2170"]
[BlackElo "1910"]
[PlyCount "65"]
[EventDate "2013.07.24"]

1. e4 Nf6 2. e5 Nd5 3. d4 d6 4. Nf3 Bg4 5. Be2 e6 6. O-O Nc6 7. c4 Nb6 8. exd6
cxd6 9. d5 exd5 10. cxd5 Bxf3 11. Bxf3 Ne5 12. Be2 Be7 13. f4 Ned7 14. Nc3 Rc8
15. a4 O-O 16. a5 Nc4 17. Qa4 Qc7 18. Bxc4 Qc5+ 19. Rf2 Bf6 20. Ne2 Qxc4 21.
Qxd7 Rfe8 22. Bd2 Bxb2 23. Re1 Rcd8 24. Qxb7 Ba3 25. Kh1 Bc5 26. Rf3 Qc2 27.
Bc3 Rb8 28. Qd7 Rbd8 29. Qg4 g6 30. Qg5 Rd7 31. Qf6 Kf8 32. Qg7+ Ke7 33. Bf6#
1-0

[Event "III Aberto do Brasil Cidade de MaringÃƒÂ"]
[Site "Country Club de MaringÃƒÂ¡ - P"]
[Date "2013.07.26"]
[Round "4"]
[White "MEDEIROS, Thauane Ferreira"]
[Black "SILVA, Lucas Henrique Da"]
[Result "1-0"]
[WhiteElo "1836"]
[BlackElo "2089"]
[PlyCount "149"]
[EventDate "2013.07.24"]

1. d4 g6 2. Nf3 d6 3. e3 Bg7 4. c4 Nf6 5. Nc3 O-O 6. g3 c6 7. Bg2 Qc7 8. O-O e5
9. dxe5 dxe5 10. b3 a5 11. Bb2 Nbd7 12. Rc1 Re8 13. Qc2 Nc5 14. e4 Bg4 15. h3
Bd7 16. Rcd1 Rad8 17. Rfe1 Nh5 18. Bc1 h6 19. Be3 Bf8 20. a3 Be6 21. b4 Na6 22.
Rxd8 Qxd8 23. b5 Nb8 24. Nxe5 Qc7 25. Ng4 cxb5 26. cxb5 Rc8 27. Bd4 Bxa3 28.
Qd2 Bf8 29. Nxh6+ Kh7 30. Ng4 Nd7 31. Nd5 Qd8 32. Bc3 b6 33. Rd1 Qe8 34. Bb2
Rc4 35. Qg5 Bxg4 36. hxg4 Ng7 37. Bf3 Rxe4 38. Bxe4 Qxe4 39. Nf6+ Nxf6 40. Qxf6
Qxg4 41. Re1 Qf5 42. Qxb6 Bc5 43. Qf6 Bxf2+ 44. Kg2 Qxf6 45. Rh1+ Kg8 46. Bxf6
Bb6 47. Kf3 Nh5 48. Bc3 f5 49. Rd1 Kf7 50. Rd6 Bc5 51. Rc6 Bg1 52. b6 Bh2 53.
b7 Bxg3 54. Rc8 g5 55. Bxa5 g4+ 56. Kg2 f4 57. Rf8+ Kg6 58. Rg8+ Kf5 59. Rf8+
Kg6 60. Rg8+ Kf5 61. Rf8+ Kg6 62. Kf1 f3 63. Rc8 Kg5 64. Bc7 Bxc7 65. Rxc7 Ng3+
66. Ke1 Kh4 67. b8=Q Kh3 68. Qh8+ Kg2 69. Rc2+ Ne2 70. Rxe2+ fxe2 71. Kxe2 g3
72. Qh4 Kg1 73. Qxg3+ Kh1 74. Qg6 Kh2 75. Kf2 1-0

[Event "III Aberto do Brasil Cidade de MaringÃƒÂ"]
[Site "Country Club de MaringÃƒÂ¡ - P"]
[Date "2013.07.26"]
[Round "4"]
[White "REZENDE, Guilherme Vilela"]
[Black "DA SILVA, Joao Carlos Orguim"]
[Result "1-0"]
[WhiteElo "2085"]
[BlackElo "1895"]
[PlyCount "119"]
[EventDate "2013.07.24"]

1. d4 Nf6 2. c4 e6 3. Nc3 b6 4. e4 d6 5. Bd3 Nbd7 6. Nge2 Bb7 7. O-O c6 8. Ng3
Be7 9. f4 Qc7 10. e5 Ng8 11. Qe2 g6 12. Bd2 Nh6 13. d5 a6 14. dxe6 fxe6 15.
exd6 Qxd6 16. Nce4 Qc7 17. Bc3 O-O 18. Ng5 Bc5+ 19. Kh1 Rae8 20. b4 Bd6 21.
Nxe6 Qc8 22. c5 bxc5 23. Bc4 cxb4 24. Bg7 Nf7 25. f5 Nb6 26. Bb3 Nd5 27. Bxf8
Bxf8 28. fxg6 hxg6 29. Rae1 Bg7 30. Qg4 Nd8 31. Rf6 Nxf6 32. Nxd8+ Kf8 33.
Rxe8+ Kxe8 34. Qxg6+ Kxd8 35. Qxg7 Nd7 36. h4 c5 37. Qg5+ Kc7 38. Nf5 Qe8 39.
Ne7 Kd6 40. Nf5+ Kc7 41. Ne7 Kd6 42. Ng6 Qe4 43. h5 c4 44. Ba4 c3 45. h6 c2 46.
Qd2+ Bd5 47. Bxc2 Qg4 48. Qf4+ Qxf4 49. Nxf4 Nf8 50. Nxd5 Kxd5 51. h7 Nxh7 52.
Bxh7 Kc4 53. g4 Kc3 54. g5 Kb2 55. Bg8 a5 56. Bb3 Ka3 57. g6 a4 58. Be6 b3 59.
axb3 axb3 60. Bxb3 1-0

[Event "III Aberto do Brasil Cidade de MaringÃƒÂ"]
[Site "Country Club de MaringÃƒÂ¡ - P"]
[Date "2013.07.26"]
[Round "4"]
[White "CALIXTO, Roberto Carlos"]
[Black "GARKAUSKAS, Otto Dmitry"]
[Result "0-1"]
[WhiteElo "1832"]
[BlackElo "2084"]
[PlyCount "52"]
[EventDate "2013.07.24"]

1. e4 c5 2. Nf3 d6 3. d4 cxd4 4. Nxd4 Nf6 5. Nc3 a6 6. Bc4 e6 7. Bb3 Be7 8. O-O
O-O 9. Kh1 b5 10. a3 Bb7 11. Qe2 Nbd7 12. Ba2 Rc8 13. Be3 Nxe4 14. Nxe4 Bxe4
15. c3 d5 16. Rae1 Nc5 17. Rg1 Bd6 18. f3 Bg6 19. Rd1 Bxh2 20. g3 Bxg1 21. Rxg1
Qe7 22. b4 Na4 23. Bd2 Nxc3 24. Bxc3 Rxc3 25. Bxd5 Qd6 26. Nc6 exd5 0-1

[Event "III Aberto do Brasil Cidade de MaringÃƒÂ"]
[Site "Country Club de MaringÃƒÂ¡ - P"]
[Date "2013.07.26"]
[Round "4"]
[White "OKAMURA, Milton Kasuo"]
[Black "BRITEZ, G Jorge A"]
[Result "1/2-1/2"]
[WhiteElo "2082"]
[BlackElo "1887"]
[PlyCount "122"]
[EventDate "2013.07.24"]

1. d4 d5 2. c4 e6 3. Nf3 Be7 4. Nc3 Nf6 5. e3 O-O 6. Bd3 b6 7. cxd5 exd5 8. O-O
Bb7 9. Qc2 Nbd7 10. a3 c5 11. Rd1 c4 12. Be2 a6 13. Nd2 b5 14. Bf3 Re8 15. e4
dxe4 16. Ndxe4 Qc7 17. g3 Nxe4 18. Nxe4 Nf6 19. Bf4 Qb6 20. Nxf6+ Bxf6 21. d5
Be5 22. Bxe5 Rxe5 23. a4 Rd8 24. axb5 axb5 25. b3 cxb3 26. Qxb3 g6 27. Ra2 h5
28. Rb2 Ba6 29. h4 Rd6 30. Kg2 Rf6 31. Rdd2 Ref5 32. Be4 Re5 33. Qb4 Rd6 34.
Bf3 Qd8 35. Rd4 Bb7 36. Kh2 Rexd5 37. Bxd5 Rxd5 38. Rbd2 Rxd4 39. Qxd4 Qxd4 40.
Rxd4 Bf3 41. Kg1 Be2 42. f4 Kg7 43. Kf2 Bc4 44. f5 Kf6 45. fxg6 fxg6 46. Ke3
Kf5 47. Rf4+ Ke5 48. Kd2 Ke6 49. Kc3 Ke5 50. Kb4 Ke6 51. Kc5 Bd3 52. Kc6 Bc4
53. Kc7 Ke7 54. Re4+ Kf6 55. Kd6 Kf7 56. Rd4 Kf6 57. Rf4+ Kg7 58. Ke7 Bg8 59.
Rf6 Bc4 60. Rb6 Bd3 61. Rb7 Bc4 1/2-1/2

[Event "III Aberto do Brasil Cidade de MaringÃƒÂ"]
[Site "Country Club de MaringÃƒÂ¡ - P"]
[Date "2013.07.26"]
[Round "4"]
[White "STIVANELLI, Leonardo Alexandre"]
[Black "LISBOA TORRES, Eduardo"]
[Result "0-1"]
[WhiteElo "2076"]
[BlackElo "1864"]
[PlyCount "86"]
[EventDate "2013.07.24"]

1. e4 c5 2. Nf3 d6 3. d4 cxd4 4. Nxd4 Nf6 5. Nc3 g6 6. f3 Bg7 7. Be3 O-O 8. Bc4
Nc6 9. Qd2 Bd7 10. O-O Na5 11. Be2 Rc8 12. Rac1 a6 13. Kh1 Nc4 14. Bxc4 Rxc4
15. Nce2 b5 16. Nb3 Qb8 17. Nf4 Rfc8 18. Rfe1 b4 19. Qf2 Ba4 20. Nd3 Nd7 21.
Na1 R4c6 22. b3 Bxa1 23. bxa4 Bc3 24. Re2 Qc7 25. Bd4 Qa5 26. Bxc3 bxc3 27. f4
Nc5 28. Ne1 Qxa4 29. Qe3 Qxa2 30. Nf3 Qc4 31. Ree1 Rb8 32. e5 d5 33. f5 Kg7 34.
e6 f6 35. Ne5 Qb5 36. Nf7 g5 37. Qh3 Qc4 38. Qh6+ Kg8 39. Nxg5 fxg5 40. Qxg5+
Kh8 41. Qxe7 Qg4 42. f6 Rg8 43. Rg1 Qxe6 0-1

[Event "III Aberto do Brasil Cidade de MaringÃƒÂ"]
[Site "Country Club de MaringÃƒÂ¡ - P"]
[Date "2013.07.26"]
[Round "5"]
[White "CRUZ, William Ferreira Da"]
[Black "BACHMANN, Axel"]
[Result "0-1"]
[WhiteElo "2170"]
[BlackElo "2536"]
[PlyCount "64"]
[EventDate "2013.07.24"]

1. d4 Nf6 2. c4 e6 3. Nc3 Bb4 4. e3 O-O 5. Bd3 d5 6. Nf3 b6 7. O-O Bb7 8. a3
Bd6 9. b4 dxc4 10. Bxc4 Nbd7 11. d5 Ne5 12. Bb3 exd5 13. Bb2 a6 14. Nxe5 Bxe5
15. f4 Bxc3 16. Bxc3 Qe7 17. Kh1 Ne4 18. Bb2 Rad8 19. a4 c5 20. a5 d4 21. exd4
cxd4 22. axb6 Rfe8 23. b5 Nc3 24. Qh5 Nxb5 25. f5 Rd6 26. Bc1 h6 27. Bd2 Rf6
28. Rae1 Qd7 29. Rxe8+ Qxe8 30. Qg4 Kh7 31. Bc2 Qc6 32. Bxh6 gxh6 0-1

[Event "III Aberto do Brasil Cidade de MaringÃƒÂ"]
[Site "Country Club de MaringÃƒÂ¡ - P"]
[Date "2013.07.26"]
[Round "5"]
[White "VILLALBA, Marcelo"]
[Black "MENNA BARRETO, Felipe Kubiaki"]
[Result "1/2-1/2"]
[WhiteElo "2179"]
[BlackElo "2277"]
[PlyCount "43"]
[EventDate "2013.07.24"]

1. d4 d5 2. Nf3 Nf6 3. c4 e6 4. Nc3 Bb4 5. e3 O-O 6. Bd3 c5 7. a3 Bxc3+ 8. bxc3
Nc6 9. O-O b6 10. cxd5 exd5 11. h3 Re8 12. Re1 c4 13. Bb1 Ne4 14. Bb2 Bf5 15.
Nd2 Qg5 16. Bxe4 dxe4 17. Kh2 Re6 18. g4 Qh4 19. Rg1 Qxf2+ 20. Rg2 Qxe3 21.
gxf5 Qf4+ 22. Rg3 $11 1/2-1/2

[Event "III Aberto do Brasil Cidade de MaringÃƒÂ"]
[Site "Country Club de MaringÃƒÂ¡ - P"]
[Date "2013.07.26"]
[Round "5"]
[White "TACCONI DA SILVA, Lucas"]
[Black "MATSUURA, Everaldo"]
[Result "0-1"]
[WhiteElo "2007"]
[BlackElo "2491"]
[PlyCount "52"]
[EventDate "2013.07.24"]

1. c4 e5 2. Nc3 Nf6 3. Nf3 e4 4. Ng5 b5 5. Ngxe4 Nxe4 6. Nxe4 bxc4 7. e3 d5 8.
Nc3 c6 9. d3 cxd3 10. Bxd3 Bd6 11. Qh5 Nd7 12. h3 Ne5 13. Be2 O-O 14. O-O f5
15. f4 g6 16. Qg5 Qxg5 17. fxg5 Nf7 18. Rd1 Nxg5 19. Nxd5 cxd5 20. Rxd5 Ne4 21.
Bc4 Be6 22. Rxd6 Bxc4 23. Rd4 Be6 24. b3 Rfc8 25. Ba3 Rc2 26. Bd6 Nc3 0-1

[Event "III Aberto do Brasil Cidade de MaringÃƒÂ"]
[Site "Country Club de MaringÃƒÂ¡ - P"]
[Date "2013.07.26"]
[Round "5"]
[White "LUKACHEWSKI JUNIOR, Wanderlei"]
[Black "STAMENKOVIC, Dragan"]
[Result "0-1"]
[WhiteElo "2039"]
[BlackElo "2388"]
[PlyCount "126"]
[EventDate "2013.07.24"]

1. d4 Nf6 2. c4 e6 3. Nc3 d5 4. Bg5 Nbd7 5. e3 Be7 6. cxd5 exd5 7. Nf3 c6 8.
Bd3 O-O 9. O-O Re8 10. Qc2 Nf8 11. Rab1 a5 12. a3 Ne4 13. Bxe7 Qxe7 14. Bxe4
dxe4 15. Nd2 f5 16. b4 axb4 17. axb4 Be6 18. b5 c5 19. dxc5 Qxc5 20. Rfc1 Rec8
21. Qb2 Qa3 22. Ne2 Qxb2 23. Rxb2 Rxc1+ 24. Nxc1 Rc8 25. Ne2 Nd7 26. f3 exf3
27. gxf3 Kf7 28. Nd4 Ne5 29. Rc2 Rxc2 30. Nxc2 Ke7 31. Kf2 Kd6 32. Kg3 Bd7 33.
Nd4 Nd3 34. N2b3 b6 35. h4 g6 36. h5 g5 37. h6 Kd5 38. Nxf5 Bxf5 39. e4+ Ke5
40. exf5 Kxf5 41. Nd2 Nf4 42. Nc4 Nd5 43. Nd6+ Kg6 44. Kg4 Ne3+ 45. Kh3 Kxh6
46. Nc8 Nd5 47. Kg4 Kg6 48. Nd6 Ne3+ 49. Kh3 h5 50. Kh2 Kf6 51. Kg1 Ke5 52.
Nf7+ Kf4 53. Kf2 Nd1+ 54. Kg2 h4 55. Kh3 Nc3 56. Nd6 Kxf3 57. Nc4 Nxb5 58. Nxb6
g4+ 59. Kxh4 g3 60. Nc4 g2 61. Nd2+ Kf4 62. Nf3 Kxf3 63. Kh3 g1=Q 0-1

[Event "III Aberto do Brasil Cidade de MaringÃƒÂ"]
[Site "Country Club de MaringÃƒÂ¡ - P"]
[Date "2013.07.26"]
[Round "5"]
[White "MARTINS, Saulo Marcio L"]
[Black "CAVALCANTI, Francisco De Assis"]
[Result "0-1"]
[WhiteElo "2029"]
[BlackElo "2289"]
[PlyCount "116"]
[EventDate "2013.07.24"]

1. d4 Nf6 2. Nf3 e6 3. c4 c5 4. e3 cxd4 5. exd4 d5 6. Nc3 Nc6 7. Bd3 dxc4 8.
Bxc4 Be7 9. Bf4 a6 10. O-O O-O 11. Re1 b5 12. Bd3 Bb7 13. Ne4 Nxd4 14. Nfg5
Nxe4 15. Nxh7 Kxh7 16. Rxe4 Nf5 17. Re3 Rh8 18. g4 Qd5 19. Bxf5+ exf5 20. Qxd5
Bxd5 21. Rxe7 fxg4 22. Re5 Be6 23. Rg5 Rhc8 24. Be3 Rc2 25. b3 Rac8 26. Re5
R8c6 27. Re4 R6c3 28. Rd4 Rc6 29. Kg2 Re2 30. Rd2 Rxd2 31. Bxd2 Rc2 32. Be3 Kg6
33. Kf1 Kf5 34. Bd4 g6 35. Kg2 Ke4 36. Bf6 Kd3 37. Rd1+ Rd2 38. Ra1 Ke2 39. Bc3
Bd5+ 40. Kg1 Rd1+ 41. Rxd1 Kxd1 42. Kf1 Kc2 43. Bf6 Bxb3 44. a3 Kd1 45. Bc3 Bd5
46. Bf6 Bc4+ 47. Kg2 Kc2 48. f3 Bd5 49. Kf2 gxf3 50. Ke1 Kb3 51. Be7 a5 52. Bc5
b4 53. axb4 axb4 54. Kd2 Kc4 55. Bf2 b3 56. h4 b2 57. Kc2 b1=Q+ 58. Kxb1 Kd3
0-1

[Event "III Aberto do Brasil Cidade de MaringÃƒÂ"]
[Site "Country Club de MaringÃƒÂ¡ - P"]
[Date "2013.07.26"]
[Round "5"]
[White "GAUCHE, Charles"]
[Black "PERTUZATTI, Daniel"]
[Result "1-0"]
[WhiteElo "2204"]
[BlackElo "2000"]
[PlyCount "73"]
[EventDate "2013.07.24"]

1. d4 d5 2. Nf3 Nf6 3. Bf4 c5 4. c3 Nc6 5. e3 Qb6 6. Qb3 Qxb3 7. axb3 Bg4 8.
Nbd2 e6 9. Bb5 Nd7 10. O-O Be7 11. Ra2 cxd4 12. exd4 Bd8 13. Bd6 Bb6 14. Re1
Rc8 15. h3 Bf5 16. b4 a6 17. Ba4 Bd3 18. Nb3 Bb5 19. Bxb5 axb5 20. Nc5 Nxc5 21.
bxc5 Kd7 22. Ng5 Nd8 23. f4 f6 24. Nf3 Nc6 25. b4 Bc7 26. Bxc7 Rxc7 27. Rae2
Re8 28. f5 Nd8 29. Nh4 Rc6 30. Kf2 Ra6 31. g4 Ra3 32. Re3 Ra2+ 33. Kg3 Ra6 34.
Ng2 g6 35. fxg6 hxg6 36. Nf4 Nf7 37. Nxd5 1-0

[Event "III Aberto do Brasil Cidade de MaringÃƒÂ"]
[Site "Country Club de MaringÃƒÂ¡ - P"]
[Date "2013.07.26"]
[Round "5"]
[White "OSIPI, Jair"]
[Black "DOTORIVO DE SOUSA, Eduardo"]
[Result "1-0"]
[WhiteElo "2199"]
[BlackElo "1998"]
[PlyCount "80"]
[EventDate "2013.07.24"]

1. d4 Nf6 2. Nf3 d5 3. g3 c6 4. Bg2 e6 5. O-O Bd6 6. Nbd2 Nbd7 7. Re1 e5 8.
dxe5 Nxe5 9. e4 Nxf3+ 10. Bxf3 dxe4 11. Nxe4 Nxe4 12. Rxe4+ Be7 13. Qxd8+ Kxd8
14. Bd2 Be6 15. Bc3 Rg8 16. Rd1+ Ke8 17. Bg4 Bxg4 18. Rxg4 Rd8 19. Rxd8+ Kxd8
20. Rxg7 Rxg7 21. Bxg7 Kd7 22. g4 Ke6 23. Kg2 f5 24. h3 fxg4 25. hxg4 Bd6 26.
Bd4 a6 27. Kf3 Kd5 28. Bg7 Bc5 29. Bh6 b5 30. Be3 Bd6 31. Bd2 Bc7 32. g5 Bb6
33. Be1 Bd4 34. b3 c5 35. Kf4 Ke6 36. Ke4 b4 37. f4 Bg7 38. f5+ Kd6 39. Bg3+
Kc6 40. Be5 Bf8 1-0

[Event "III Aberto do Brasil Cidade de MaringÃƒÂ"]
[Site "Country Club de MaringÃƒÂ¡ - P"]
[Date "2013.07.26"]
[Round "5"]
[White "DE SOUZA, Ivo Eduardo Medeiros"]
[Black "MONTEIRO, Artur Fernando"]
[Result "1-0"]
[WhiteElo "2193"]
[BlackElo "1994"]
[PlyCount "73"]
[EventDate "2013.07.24"]

1. c4 Nf6 2. Nc3 c5 3. g3 g6 4. Bg2 Bg7 5. Nf3 Nc6 6. d4 cxd4 7. Nxd4 Nxd4 8.
Qxd4 d6 9. O-O O-O 10. Qh4 Re8 11. Bd2 Bd7 12. b3 Bc6 13. e4 a6 14. Rad1 Qa5
15. Na4 Qc7 16. Nc3 b5 17. cxb5 axb5 18. Rc1 Qb7 19. Rc2 d5 20. e5 Ne4 21. Nxe4
dxe4 22. Rfc1 Ra6 23. Bg5 Bxe5 24. Bxe7 Rxe7 25. Rxc6 Rxc6 26. Rxc6 Qxc6 27.
Qxe7 Qc1+ 28. Bf1 Qb2 29. Qe8+ Kg7 30. Qxb5 f5 31. Qe2 Qa3 32. Kg2 Bd4 33. Qc2
h5 34. h4 Bb2 35. Qc7+ Kh6 36. Bc4 Qxa2 37. Bg8 1-0

[Event "III Aberto do Brasil Cidade de MaringÃƒÂ"]
[Site "Country Club de MaringÃƒÂ¡ - P"]
[Date "2013.07.26"]
[Round "5"]
[White "SANTOS, Renato Andrade"]
[Black "FERREIRA, Ozeias Da Cunha"]
[Result "1/2-1/2"]
[WhiteElo "2188"]
[BlackElo "1982"]
[PlyCount "58"]
[EventDate "2013.07.24"]

1. d4 d5 2. Nf3 Nf6 3. e3 e6 4. Bd3 c5 5. b3 cxd4 6. exd4 Be7 7. O-O O-O 8. Bb2
b6 9. Ne5 Qc7 10. Qe2 Nc6 11. a3 Bb7 12. Nd2 Rac8 13. Rac1 Bd6 14. f4 Qe7 15.
Ra1 Nd7 16. g3 Ncb8 17. Rfe1 g6 18. Ndf3 Rfe8 19. h4 Nf6 20. Ng5 Bxe5 21. fxe5
Nh5 22. Nxh7 Nxg3 23. Nf6+ Qxf6 24. exf6 Nxe2+ 25. Rxe2 Ba6 26. Bxa6 Nxa6 27.
Bc1 Rc3 28. Kg2 Rec8 29. Ra2 Nc7 1/2-1/2

[Event "III Aberto do Brasil Cidade de MaringÃƒÂ"]
[Site "Country Club de MaringÃƒÂ¡ - P"]
[Date "2013.07.26"]
[Round "5"]
[White "CARVALHO, Herbert Abreu"]
[Black "FISCHER JUNIOR, Donaldo"]
[Result "1-0"]
[WhiteElo "2186"]
[BlackElo "1973"]
[PlyCount "97"]
[EventDate "2013.07.24"]

1. d4 d5 2. Nf3 Nc6 3. Bf4 Bf5 4. e3 Nb4 5. Na3 a6 6. c3 Nc6 7. c4 e6 8. Nc2
Nf6 9. a3 Bd6 10. Bxd6 Qxd6 11. c5 Qe7 12. Nb4 Nxb4 13. axb4 O-O 14. b5 axb5
15. Bxb5 Bg4 16. Be2 Qd7 17. O-O Bxf3 18. Bxf3 Qb5 19. Qc2 Ra5 20. Be2 Qb4 21.
Qc3 Qxc3 22. bxc3 Rfa8 23. Rxa5 Rxa5 24. Rb1 Ra7 25. f3 g6 26. Kf2 Nd7 27. Rb2
Kf8 28. e4 f5 29. Ke3 Nf6 30. exf5 gxf5 31. Kf4 h6 32. c4 Ra3 33. g4 fxg4 34.
fxg4 Ra7 35. Ke5 Ke7 36. cxd5 exd5 37. Kf5 Kf7 38. h4 c6 39. Bf3 Ne8 40. Ke5 b5
41. cxb6 Re7+ 42. Kf4 Nd6 43. Rd2 Nb5 44. Rb2 Rb7 45. Rxb5 Ke6 46. Rb3 Kd6 47.
Kf5 c5 48. dxc5+ Kxc5 49. Kg6 1-0

[Event "III Aberto do Brasil Cidade de MaringÃƒÂ"]
[Site "Country Club de MaringÃƒÂ¡ - P"]
[Date "2013.07.26"]
[Round "5"]
[White "SEKULA, Markley Ribas"]
[Black "UTIYAMA, Marcel Heimar Ribeir"]
[Result "0-1"]
[WhiteElo "2015"]
[BlackElo "2185"]
[PlyCount "108"]
[EventDate "2013.07.24"]

1. c4 Nf6 2. Nf3 g6 3. b3 Bg7 4. Bb2 O-O 5. g3 d5 6. Bg2 c5 7. cxd5 Qxd5 8. O-O
Qh5 9. d3 Nc6 10. Nbd2 Bh3 11. Rc1 b6 12. Rc4 Bxg2 13. Kxg2 e5 14. h3 Qf5 15.
Qa1 Nd7 16. Ne4 Qe6 17. Nfg5 Qd5 18. Kh2 f5 19. Nc3 Qd6 20. Nb5 Qe7 21. f4 h6
22. Nf3 exf4 23. Bxg7 fxg3+ 24. Kxg3 Qxg7 25. Qxg7+ Kxg7 26. Nc7 Rae8 27. Nxe8+
Rxe8 28. Rf2 Nf6 29. a3 a5 30. Kg2 Nd5 31. Kg1 Ne3 32. Rc1 Rd8 33. Nd2 Nd4 34.
Rb1 Nd5 35. Nc4 Re8 36. Rb2 f4 37. Nd6 Re3 38. Kg2 g5 39. Nc4 Re6 40. a4 Kg6
41. Kf1 h5 42. Rg2 Kf5 43. Rf2 Kg6 44. Rg2 Kh6 45. Kf2 Nc3 46. Kf1 Nf5 47. Rd2
Nd5 48. Rf2 Nde3+ 49. Kg1 Nd4 50. Rh2 Nef5 51. Rf2 Ng3 52. h4 g4 53. e4 fxe3
54. Nxe3 Rxe3 0-1

[Event "III Aberto do Brasil Cidade de MaringÃƒÂ"]
[Site "Country Club de MaringÃƒÂ¡ - P"]
[Date "2013.07.26"]
[Round "5"]
[White "BRANCO, Guilherme Paulino"]
[Black "BARATA, Adriano Albiani"]
[Result "0-1"]
[WhiteElo "1987"]
[BlackElo "2170"]
[PlyCount "72"]
[EventDate "2013.07.24"]

1. e4 d5 2. exd5 Nf6 3. c4 c6 4. d4 cxd5 5. Nc3 e6 6. Nf3 Bb4 7. Bd3 O-O 8. O-O
dxc4 9. Bxc4 Nc6 10. Bg5 Be7 11. Qd2 Nd5 12. Nxd5 exd5 13. Bxe7 Nxe7 14. Bd3
Bf5 15. Bxf5 Nxf5 16. Qf4 Nd6 17. Rac1 Re8 18. Rfe1 Re4 19. Rxe4 dxe4 20. Ng5
Qe7 21. Qe5 Re8 22. Rc5 h6 23. Nh3 b6 24. Rc6 Qxe5 25. dxe5 Nf5 26. Rc7 Rxe5
27. Rxa7 Rc5 28. g3 Rc1+ 29. Kg2 Rc2 30. Ra8+ Kh7 31. b3 Ne3+ 32. Kh1 Rc1+ 33.
Ng1 Ng4 34. Kg2 Rc2 35. Nh3 e3 36. Ra4 f5 0-1